<?xml version="1.0" encoding="UTF-8"?>
<collection xmlns="http://www.loc.gov/MARC21/slim">
  <record>
    <leader>00000nam  2200000   4500</leader>
    <datafield tag="247" ind1="#" ind2="#">
      <subfield code="a"/>
    </datafield>
    <controlfield tag="Wor">$a 1</controlfield>
    <datafield tag="856" ind1="#" ind2="#">
      <subfield code="a"/>
    </datafield>
    <datafield tag="700" ind1=" " ind2="#">
      <subfield code="a"/>
    </datafield>
    <datafield tag="650" ind1=" " ind2="#">
      <subfield code="a">Komunikasi Bisnis</subfield>
    </datafield>
    <datafield tag="520" ind1=" " ind2="#">
      <subfield code="a">Komunikasi Bisnis Edisi 2 ini merupakan pengembangan dari Komunikasi Bisnis Edisi 1 yang disesuaikan dengan perkembangan teknologi internet yang saat ini dan masa mendatang akan semakin semarak di tanah air. Oleh karena itu, seluruh pokok bahasan yang ada dalam buku ini mengalami banyak pengembangan, baik dalam pengayaan materi maupun penambahan materi bahasan baru, seperti: pokok bahasan tentang "Komunikasi Lintas Budaya, Penulisan Pesan-Pesan Persuasif, Presentasi Bisnis dan Mengenal Internet". Sementara itu, untuk lebih memotivasi para mahasiswa dalam memanfaatkan teknologi internet, maka pendekatan soal-soal latihan dalam buku ini juga diarahkan pada pemahaman mahasiswa terhadap teknologi internet. Lagi pula, dalam Komunikasi Bisnis Edisi 2 juga dilengkapi dengan sejumlah alamat website (Internet Online) yang dapat dibaca pada lampiran.</subfield>
    </datafield>
    <datafield tag="321" ind1="#" ind2="#">
      <subfield code="a"/>
    </datafield>
    <datafield tag="310" ind1="#" ind2="#">
      <subfield code="a"/>
    </datafield>
    <datafield tag="300" ind1="#" ind2="#">
      <subfield code="a">336 halaman</subfield>
      <subfield code="b">ilus</subfield>
      <subfield code="c">25 cm</subfield>
      <subfield code="e"/>
    </datafield>
    <datafield tag="260" ind1="#" ind2="#">
      <subfield code="a">Jakarta</subfield>
      <subfield code="b">Erlangga</subfield>
      <subfield code="c">2003</subfield>
    </datafield>
    <controlfield tag="001">$a INLIS000000000020828</controlfield>
    <datafield tag="245" ind1="#" ind2="#">
      <subfield code="a">Komunikasi Bisnis</subfield>
      <subfield code="b"/>
      <subfield code="c">Djoko Purwanto</subfield>
    </datafield>
    <datafield tag="100" ind1=" " ind2="#">
      <subfield code="a">Djoko Purwanto</subfield>
    </datafield>
    <datafield tag="084" ind1="#" ind2="#">
      <subfield code="a">650 Djo K</subfield>
    </datafield>
    <datafield tag="082" ind1="#" ind2="#">
      <subfield code="a">650</subfield>
    </datafield>
    <datafield tag="035" ind1="#" ind2="#">
      <subfield code="a">0010-1225000007</subfield>
    </datafield>
    <datafield tag="022" ind1="#" ind2="#">
      <subfield code="a">979 688 502 6</subfield>
    </datafield>
    <controlfield tag="008">$a 251204################g##########0#ind##</controlfield>
    <controlfield tag="005">$a 20251204101954</controlfield>
  </record>
</collection>
